[Event "Tenerife Norte Team Cup 2nd"]
[Site "Tenerife"]
[Date "2019.07.13"]
[Round "3.1"]
[White "Oudeh Mishmesh, Omar"]
[Black "Rodriguez Paz, Jose Manuel"]
[Result "1-0"]
[WhiteElo "1574"]
[BlackElo "1897"]
[PlyCount "49"]
[EventDate "2019.06.29"]
[EventType "team-tourn"]
[EventRounds "10"]
[EventCountry "ESP"]
[SourceTitle "EXT 2020"]
[Source "ChessBase"]
[SourceDate "2019.10.17"]
[SourceVersion "1"]
[SourceVersionDate "2019.10.17"]
[SourceQuality "1"]
[WhiteTeam "Los Realejos Shah Mat II"]
[BlackTeam "Ciberjaque Universidad"]
[WhiteTeamCountry "ESP"]
[BlackTeamCountry "ESP"]

1. d4 g6 2. Bf4 Bg7 3. e3 c5 4. c3 cxd4 5. exd4 e6 6. Nf3 Nc6 7. Be2 Nf6 8. h3 b6 9. 0-0 0-0 10. Nbd2 Bb7 11. Re1 d5 12. Qc2 Rc8 13. Nf1 Nh5 14. Bh2 Nxd4 15. Nxd4 Bxd4 16. Bxh5 gxh5 17. Qe2 Bg7 18. Qxh5 Qf6 19. Qg4 Qg6 20. Ne3 Rfd8 21. Qxg6 hxg6 22. Ng4 d4 23. cxd4 Bxd4 24. Re2 Rc5 25. Rd1 1-0

[Event "Tenerife-chT Primera 1819"]
[Site "Tenerife"]
[Date "2019.03.30"]
[Round "12.2"]
[White "Paz Mendez, German Christopher"]
[Black "Rodriguez Paz, Jose Manuel"]
[Result "0-1"]
[WhiteElo "1851"]
[BlackElo "1909"]
[PlyCount "74"]
[EventDate "2018.11.24"]
[EventType "team-tourn"]
[EventRounds "14"]
[EventCountry "ESP"]
[SourceTitle "CBM 189 Extra"]
[Source "ChessBase"]
[SourceDate "2019.06.03"]
[SourceVersion "1"]
[SourceVersionDate "2019.06.03"]
[SourceQuality "1"]
[WhiteTeam "Ebano Barrio Nuevo"]
[BlackTeam "Universidad"]
[WhiteTeamCountry "ESP"]
[BlackTeamCountry "ESP"]

1. e4 c5 2. Nf3 e6 3. g3 Nc6 4. Bg2 Nf6 5. Nc3 d6 6. 0-0 Be7 7. d4 cxd4 8. Nxd4 0-0 9. Be3 Bd7 10. Qe2 a6 11. Rad1 Qc7 12. h3 Rac8 13. f4 b5 14. a3 Na5 15. Rd3 Nc4 16. Bc1 Be8 17. Kh1 Nd7 18. g4 Nc5 19. Rdf3 Bf6 20. Qf2 Na4 21. Nxa4 bxa4 22. g5 Bxd4 23. Qxd4 e5 24. Qf2 Bb5 25. Rd1 exf4 26. Rxf4 Ne5 27. c3 Nd3 28. Rxd3 Bxd3 29. Rh4 f5 30. g6 fxe4 31. Qd4 Qc5 32. gxh7+ Kh8 33. Qxa4 e3 34. Rg4 e2 35. Bd2 Rce8 36. Qd7 e1Q+ 37. Kh2 Qcg1# 0-1

[Event "Tenerife-chT Primera 1819"]
[Site "Tenerife"]
[Date "2019.02.23"]
[Round "9.1"]
[White "Korneev, Svyatoslav"]
[Black "Rodriguez Paz, Jose Manuel"]
[Result "1-0"]
[WhiteElo "2132"]
[BlackElo "1909"]
[PlyCount "81"]
[EventDate "2018.11.24"]
[EventType "team-tourn"]
[EventRounds "14"]
[EventCountry "ESP"]
[SourceTitle "CBM 189 Extra"]
[Source "ChessBase"]
[SourceDate "2019.06.03"]
[SourceVersion "1"]
[SourceVersionDate "2019.06.03"]
[SourceQuality "1"]
[WhiteTeam "Puerto de la Cruz Piratas"]
[BlackTeam "Universidad"]
[WhiteTeamCountry "ESP"]
[BlackTeamCountry "ESP"]

1. c4 e5 2. Nc3 Nc6 3. g3 g6 4. Bg2 Bg7 5. d3 Nf6 6. e3 d6 7. Nge2 0-0 8. 0-0 Bg4 9. Rb1 a5 10. a3 Qc8 11. Re1 h5 12. b4 axb4 13. axb4 Ne7 14. e4 Nc6 15. f3 Bh3 16. Be3 h4 17. b5 Ne7 18. Qd2 c6 19. Ra1 Rxa1 20. Rxa1 d5 21. Bc5 Re8 22. bxc6 bxc6 23. Bxh3 Qxh3 24. cxd5 cxd5 25. Bxe7 Rxe7 26. exd5 Rd7 27. Ra8+ Kh7 28. Ne4 Nxe4 29. dxe4 Bh6 30. Qd3 Rb7 31. Ra1 Rb2 32. Rd1 Bf8 33. Rc1 Bb4 34. gxh4 Ba5 35. h5 Rd2 36. hxg6+ Kxg6 37. Qe3 f6 38. Kh1 Bb6 39. Rg1+ Kf7 40. Qxd2 Qxf3+ 41. Rg2 1-0

[Event "Tenerife-chT Primera 1819"]
[Site "Tenerife"]
[Date "2019.02.16"]
[Round "8.1"]
[White "Mamani Beltran, Daniel"]
[Black "Rodriguez Paz, Jose Manuel"]
[Result "1-0"]
[WhiteElo "1894"]
[BlackElo "1909"]
[PlyCount "49"]
[EventDate "2018.11.24"]
[EventType "team-tourn"]
[EventRounds "14"]
[EventCountry "ESP"]
[SourceTitle "CBM 189 Extra"]
[Source "ChessBase"]
[SourceDate "2019.06.03"]
[SourceVersion "1"]
[SourceVersionDate "2019.06.03"]
[SourceQuality "1"]
[WhiteTeam "Fundacion La Caja de Canarias II"]
[BlackTeam "Universidad"]
[WhiteTeamCountry "ESP"]
[BlackTeamCountry "ESP"]

1. d4 Nf6 2. c4 g6 3. Nc3 Bg7 4. e4 d6 5. Nf3 0-0 6. Be2 e5 7. Be3 Nc6 8. d5 Ne7 9. Nd2 Nd7 10. f3 f5 11. 0-0 Nf6 12. b4 b6 13. c5 f4 14. Bf2 g5 15. Nc4 h5 16. cxd6 cxd6 17. Nb5 Ne8 18. Nxa7 Rxa7 19. Bxb6 Qd7 20. Bxa7 Qxa7+ 21. Kh1 Rf6 22. b5 Qc5 23. Qb3 g4 24. b6 gxf3 25. Bxf3 1-0

[Event "Tenerife-chT Primera 1819"]
[Site "Tenerife"]
[Date "2019.01.12"]
[Round "4.1"]
[White "Rodriguez Paz, Jose Manuel"]
[Black "Fernandez Vazquez, Jorge"]
[Result "1/2-1/2"]
[WhiteElo "1909"]
[BlackElo "1974"]
[PlyCount "97"]
[EventDate "2018.11.24"]
[EventType "team-tourn"]
[EventRounds "14"]
[EventCountry "ESP"]
[SourceTitle "CBM 189 Extra"]
[Source "ChessBase"]
[SourceDate "2019.06.03"]
[SourceVersion "1"]
[SourceVersionDate "2019.06.03"]
[SourceQuality "1"]
[WhiteTeam "Universidad"]
[BlackTeam "Al Shah Mat Los Realejos"]
[WhiteTeamCountry "ESP"]
[BlackTeamCountry "ESP"]

1. e4 c6 2. d4 d5 3. Nc3 dxe4 4. Nxe4 Bf5 5. Ng3 Bg6 6. Nf3 Nd7 7. Be2 e6 8. 0-0 Ngf6 9. c4 Bd6 10. Bg5 Qc7 11. Rc1 0-0 12. a3 h6 13. Bd2 a5 14. Re1 Rfd8 15. Nf1 Ne4 16. Be3 Nef6 17. h3 Bf4 18. Bd3 Bxd3 19. Qxd3 a4 20. Qc3 Bxe3 21. Nxe3 Ne4 22. Qc2 Ndf6 23. d5 cxd5 24. cxd5 Qxc2 25. Rxc2 Nxd5 26. Nxd5 exd5 27. Rc7 b5 28. Ne5 Rac8 29. Rb7 Nd6 30. Rb6 Kf8 31. Nc6 Re8 32. Rxe8+ Kxe8 33. Nd4 Rc1+ 34. Kh2 Kd7 35. Nxb5 Nxb5 36. Rxb5 Kc6 37. Rb8 Kd6 38. Kg3 Ke5 39. Kf3 g6 40. Ke3 Re1+ 41. Kd3 Rg1 42. g3 Rb1 43. Rb6 h5 44. h4 f6 45. Ke3 Re1+ 46. Kd3 Rf1 47. Ke2 Rb1 48. Kd3 Rf1 49. Ke2 1/2-1/2

[Event "Tenerife-chT Primera 1819"]
[Site "Tenerife"]
[Date "2018.11.24"]
[Round "1.2"]
[White "Diaz Reyes, Franklin"]
[Black "Rodriguez Paz, Jose Manuel"]
[Result "1/2-1/2"]
[WhiteElo "1848"]
[BlackElo "1909"]
[PlyCount "96"]
[EventDate "2018.11.24"]
[EventType "team-tourn"]
[EventRounds "14"]
[EventCountry "ESP"]
[SourceTitle "CBM 189 Extra"]
[Source "ChessBase"]
[SourceDate "2019.06.03"]
[SourceVersion "1"]
[SourceVersionDate "2019.06.03"]
[SourceQuality "1"]
[WhiteTeam "Fundacion La Caja de Canarias II"]
[BlackTeam "Universidad"]
[WhiteTeamCountry "ESP"]
[BlackTeamCountry "ESP"]

1. e4 c5 2. Nf3 e6 3. d4 cxd4 4. Nxd4 a6 5. c4 Nf6 6. Nc3 Qc7 7. Be2 Bb4 8. Qd3 Nc6 9. Nxc6 dxc6 10. 0-0 Bd6 11. f4 e5 12. f5 Bd7 13. Be3 0-0-0 14. c5 Be7 15. Qc4 Rhf8 16. b4 h5 17. Na4 Ng4 18. Nb6+ Kb8 19. Bxg4 hxg4 20. Qe2 Bc8 21. Qxg4 g6 22. Nxc8 Qxc8 23. Qg3 f6 24. fxg6 Rg8 25. h4 Rd3 26. Rfd1 Qd7 27. Re1 Bf8 28. h5 Bh6 29. Qf2 Bxe3 30. Rxe3 Rxe3 31. Qxe3 Qg4 32. Qf3 Qg5 33. Rf1 Rh8 34. g7 Rh6 35. Qd3 Rxh5 36. Qd8+ Ka7 37. Qxf6 Qe3+ 38. Qf2 Qg5 39. Qe2 Rh7 40. Rf7 Rxg7 41. Rxg7 Qxg7 42. Qh5 Qg3 43. Qe2 Qf4 44. Qf3 Qc1+ 45. Kh2 Qh6+ 46. Kg3 Qg5+ 47. Qg4 Qe3+ 48. Kh2 Qh6+ 1/2-1/2

[Event "Tenerife-chT Preferente 1718"]
[Site "Tenerife"]
[Date "2018.04.07"]
[Round "14.2"]
[White "Rodriguez Paz, Jose Manuel"]
[Black "Kraus, Oliver"]
[Result "0-1"]
[WhiteElo "1897"]
[BlackElo "2053"]
[PlyCount "84"]
[EventDate "2017.11.11"]
[EventType "team-tourn"]
[EventRounds "14"]
[EventCountry "ESP"]
[SourceTitle "EXT 2019"]
[Source "ChessBase"]
[SourceDate "2018.10.10"]
[SourceVersion "1"]
[SourceVersionDate "2018.10.10"]
[SourceQuality "1"]
[WhiteTeam "Ciberjaque Universidad"]
[BlackTeam "Rey Ahogado"]
[WhiteTeamCountry "ESP"]
[BlackTeamCountry "ESP"]

1. d4 d5 2. c4 c6 3. Nf3 e6 4. g3 Nf6 5. Bg2 Bb4+ 6. Bd2 Bd6 7. 0-0 Nbd7 8. Qc2 0-0 9. Rd1 Qe7 10. Be1 Ne4 11. Nfd2 f5 12. f3 Nxd2 13. Nxd2 f4 14. Nf1 dxc4 15. e4 Nb6 16. e5 Bc7 17. Bf2 Bd7 18. Re1 Be8 19. Nd2 Bg6 20. Qc1 Bd3 21. b3 cxb3 22. axb3 Nd5 23. Ne4 a5 24. Nc5 Bf5 25. g4 Bg6 26. Nxb7 Nb4 27. Re2 Nd3 28. Qxc6 Rfc8 29. Nc5 Nxf2 30. Kxf2 Bxe5 31. Qxe6+ Qxe6 32. Nxe6 Bf6 33. Rd1 Bc2 34. Rdd2 Bxb3 35. Nxf4 Bg5 36. Kg3 Rf8 37. Re4 Bd5 38. Rde2 Bxe4 39. Rxe4 Bxf4+ 40. Rxf4 Rxf4 41. Kxf4 a4 42. Bf1 a3 0-1

[Event "Tenerife-chT Preferente 1718"]
[Site "Tenerife"]
[Date "2018.03.10"]
[Round "12.3"]
[White "Ramos Aguilar, Jose Manuel"]
[Black "Rodriguez Paz, Jose Manuel"]
[Result "1-0"]
[WhiteElo "2061"]
[BlackElo "1897"]
[PlyCount "109"]
[EventDate "2017.11.11"]
[EventType "team-tourn"]
[EventRounds "14"]
[EventCountry "ESP"]
[SourceTitle "EXT 2019"]
[Source "ChessBase"]
[SourceDate "2018.10.10"]
[SourceVersion "1"]
[SourceVersionDate "2018.10.10"]
[SourceQuality "1"]
[WhiteTeam "Ebano Casa Venezuela"]
[BlackTeam "Ciberjaque Universidad"]
[WhiteTeamCountry "ESP"]
[BlackTeamCountry "ESP"]

1. g3 g6 2. Bg2 Bg7 3. d4 d6 4. e4 Nf6 5. Ne2 0-0 6. 0-0 e5 7. Nbc3 Nc6 8. d5 Ne7 9. h3 Nd7 10. Be3 f5 11. Qd2 Nf6 12. f3 Rf7 13. Kh2 Bd7 14. a4 a6 15. a5 Qf8 16. Rab1 h6 17. b4 g5 18. exf5 Nxf5 19. Bf2 Ne7 20. b5 axb5 21. Nxb5 Nexd5 22. c4 c6 23. Na3 Nc7 24. Rxb7 Ne6 25. Rb3 d5 26. Bb6 d4 27. Nb1 c5 28. Qc1 Bc6 29. Nd2 h5 30. Ra3 Ra6 31. Re1 Bh6 32. Ng1 Qd6 33. Qc2 Kg7 34. Ne4 Nxe4 35. fxe4 g4 36. hxg4 hxg4 37. Qd1 Bg5 38. Qxg4 Ra8 39. Rf3 Rh8+ 40. Bh3 Qe7 41. Ref1 Rxf3 42. Rxf3 Bd7 43. Rf5 d3 44. Nf3 Rf8 45. a6 Rxf5 46. exf5 Nd4 47. Nxg5 Bxf5 48. Qh5 Kf6 49. Bxf5 Kxf5 50. Qh3+ Kg6 51. Ne4 Nf3+ 52. Kh1 d2 53. Qg4+ Ng5 54. Nxd2 Qd6 55. Qxg5+ 1-0

[Event "Tenerife-chT Preferente 1718"]
[Site "Tenerife"]
[Date "2017.12.09"]
[Round "4.2"]
[White "Rodriguez Paz, Jose Manuel"]
[Black "Abreu Suarez, Isauro"]
[Result "1/2-1/2"]
[WhiteElo "1897"]
[BlackElo "2003"]
[PlyCount "32"]
[EventDate "2017.11.11"]
[EventType "team-tourn"]
[EventRounds "14"]
[EventCountry "ESP"]
[SourceTitle "EXT 2019"]
[Source "ChessBase"]
[SourceDate "2018.10.10"]
[SourceVersion "1"]
[SourceVersionDate "2018.10.10"]
[SourceQuality "1"]
[WhiteTeam "Ciberjaque Universidad"]
[BlackTeam "Canarias 64"]
[WhiteTeamCountry "ESP"]
[BlackTeamCountry "ESP"]

1. e4 Nf6 2. e5 Nd5 3. d4 d6 4. c4 Nb6 5. exd6 cxd6 6. Nc3 g6 7. Be3 Bg7 8. Bd3 0-0 9. h3 Nc6 10. Nf3 e5 11. Be2 exd4 12. Nxd4 d5 13. cxd5 Nxd5 14. Nxd5 Qxd5 15. Nxc6 bxc6 16. 0-0 Be6 1/2-1/2

[Event "Canarias-chT"]
[Site "San Cristobal de La Laguna"]
[Date "2017.06.24"]
[Round "4.2"]
[White "Rodriguez Falcon, David"]
[Black "Rodriguez Paz, Jose Manuel"]
[Result "1-0"]
[WhiteElo "1786"]
[BlackElo "1921"]
[PlyCount "97"]
[EventDate "2017.06.22"]
[EventType "team-swiss"]
[EventRounds "6"]
[EventCountry "ESP"]
[SourceTitle "EXT 2024"]
[Source "ChessBase"]
[SourceDate "2023.10.10"]
[SourceVersion "1"]
[SourceVersionDate "2023.10.10"]
[SourceQuality "1"]
[WhiteTeam "Roque Niquiomo"]
[BlackTeam "Universidad"]
[WhiteTeamCountry "ESP"]
[BlackTeamCountry "ESP"]

1. d4 Nf6 2. e3 g6 3. Nf3 Bg7 4. b3 d6 5. Bb2 0-0 6. Be2 c6 7. 0-0 Na6 8. c4 Bg4 9. Nbd2 Re8 10. Qc2 Rc8 11. h3 Bd7 12. a3 Nc7 13. Rfd1 d5 14. e4 dxe4 15. Nxe4 Nxe4 16. Qxe4 Bf5 17. Qh4 Bc2 18. Rd2 Bxb3 19. d5 cxd5 20. Bxg7 Kxg7 21. Qd4+ Kg8 22. Qxa7 Qd7 23. Qxb7 Qa4 24. cxd5 Bxd5 25. Rxd5 Nxd5 26. Qxd5 Red8 27. Qb5 Qf4 28. a4 Qf6 29. Qe5 Qxe5 30. Nxe5 Rc2 31. Bf3 Rdd2 32. a5 Ra2 33. Rxa2 Rxa2 34. Nc6 e6 35. Kf1 Kf8 36. Ke1 Ke8 37. Kd1 Kd7 38. a6 Kc7 39. a7 Kb6 40. Kc1 h5 41. Kb1 Ra4 42. Kc2 g5 43. g4 hxg4 44. hxg4 Kb7 45. Kd3 f6 46. Ke3 Kb6 47. Kd2 Ra3 48. Kc2 Kb7 49. Nd4+ 1-0

[Event "Tenerife-chT Primera 1617"]
[Site "Tenerife"]
[Date "2017.04.29"]
[Round "13.1"]
[White "Martin Hernandez, Jonas David"]
[Black "Rodriguez Paz, Jose Manuel"]
[Result "1/2-1/2"]
[WhiteElo "1925"]
[BlackElo "1892"]
[PlyCount "56"]
[EventDate "2016.12.10"]
[EventType "team-tourn"]
[EventRounds "14"]
[EventCountry "ESP"]
[SourceTitle "EXT 2018"]
[Source "ChessBase"]
[SourceDate "2017.10.13"]
[SourceVersion "1"]
[SourceVersionDate "2017.10.13"]
[SourceQuality "1"]
[WhiteTeam "Puerto de la Cruz Piratas"]
[BlackTeam "Universidad"]
[WhiteTeamCountry "ESP"]
[BlackTeamCountry "ESP"]

1. e4 c5 2. Nc3 Nc6 3. f4 d6 4. Nf3 g6 5. Bb5 Bd7 6. Bxc6 Bxc6 7. d3 Bg7 8. 0-0 e6 9. Rb1 Ne7 10. Bd2 0-0 11. Qe1 Bd7 12. Qh4 Nc6 13. Qg3 Nd4 14. Nxd4 cxd4 15. Ne2 Rc8 16. Rfc1 Qb6 17. Qf2 Rc6 18. g4 Rfc8 19. c3 Qa6 20. Nxd4 Qxd3 21. Nxc6 Bxc6 22. Re1 Bxe4 23. Rbd1 Qf3 24. Qxf3 Bxf3 25. Rc1 Bxg4 26. Be3 a6 27. Rc2 d5 28. Rd2 Bf5 1/2-1/2

[Event "Tenerife-chT Primera 1617"]
[Site "Tenerife"]
[Date "2017.04.22"]
[Round "12.2"]
[White "Hernandez Estevez, Andres David"]
[Black "Rodriguez Paz, Jose Manuel"]
[Result "1/2-1/2"]
[WhiteElo "1387"]
[BlackElo "1892"]
[PlyCount "81"]
[EventDate "2016.12.10"]
[EventType "team-tourn"]
[EventRounds "14"]
[EventCountry "ESP"]
[SourceTitle "EXT 2018"]
[Source "ChessBase"]
[SourceDate "2017.10.13"]
[SourceVersion "1"]
[SourceVersionDate "2017.10.13"]
[SourceQuality "1"]
[WhiteTeam "Playa San Juan"]
[BlackTeam "Universidad"]
[WhiteTeamCountry "ESP"]
[BlackTeamCountry "ESP"]

1. d4 Nf6 2. Bf4 d6 3. e3 g6 4. Nf3 Bg7 5. Be2 0-0 6. h3 c6 7. c4 Qb6 8. Qb3 Qxb3 9. axb3 Na6 10. 0-0 Bf5 11. Nbd2 h6 12. Ne1 Nb4 13. Bf3 Rfe8 14. g4 Bd7 15. Be2 e5 16. dxe5 dxe5 17. Bh2 c5 18. Nd3 Nxd3 19. Bxd3 Bc6 20. Be2 e4 21. Rfd1 Nd7 22. Ra2 a6 23. Bd6 Re6 24. Nb1 Rd8 25. Nc3 Rc8 26. Na4 Bxa4 27. bxa4 Rc6 28. Bg3 Ne5 29. Bxe5 Bxe5 30. b3 Rb6 31. Rd8+ Kg7 32. Bd1 Red6 33. Rd2 Kf6 34. R2xd6+ Rxd6 35. Rxd6+ Bxd6 36. Bc2 Ke5 37. Kg2 g5 38. Bb1 f5 39. gxf5 Kxf5 40. f3 Ke5 41. Bxe4 1/2-1/2

[Event "Tenerife-chT Primera 1617"]
[Site "Tenerife"]
[Date "2017.03.18"]
[Round "9.1"]
[White "Jimenez Arteaga, Angel"]
[Black "Rodriguez Paz, Jose Manuel"]
[Result "0-1"]
[WhiteElo "1903"]
[BlackElo "1892"]
[PlyCount "132"]
[EventDate "2016.12.10"]
[EventType "team-tourn"]
[EventRounds "14"]
[EventCountry "ESP"]
[SourceTitle "EXT 2018"]
[Source "ChessBase"]
[SourceDate "2017.10.13"]
[SourceVersion "1"]
[SourceVersionDate "2017.10.13"]
[SourceQuality "1"]
[WhiteTeam "Casa de Venezuela Ebano II"]
[BlackTeam "Universidad"]
[WhiteTeamCountry "ESP"]
[BlackTeamCountry "ESP"]

1. b3 d5 2. Bb2 Nf6 3. e3 c6 4. f4 Bf5 5. Nf3 e6 6. Be2 h6 7. 0-0 Be7 8. Ne5 Nbd7 9. Bf3 Nxe5 10. Bxe5 Bd6 11. Bb2 Qb6 12. Kh1 0-0-0 13. Nc3 Qc7 14. Ne2 e5 15. g3 Bh3 16. Bg2 Bxg2+ 17. Kxg2 h5 18. h3 Rde8 19. Rc1 Kb8 20. c4 Qd7 21. f5 Rh6 22. Qc2 Qe7 23. c5 Bc7 24. d3 e4 25. d4 Nh7 26. h4 Nf6 27. Nf4 Ka8 28. Qe2 Bb8 29. Bc3 Qd7 30. Nh3 g6 31. fxg6 Rxg6 32. Ng5 Re7 33. Be1 Ng4 34. Nh3 f5 35. Nf4 Rh6 36. Kh3 Rg7 37. b4 Rg8 38. a4 Rh7 39. b5 Nf6 40. Rb1 Rhg7 41. Rb2 Rg4 42. bxc6 Qxc6 43. Qb5 Bxf4 44. Rxf4 Rxf4 45. exf4 e3 46. Qxc6 bxc6 47. a5 Rb8 48. Rxb8+ Kxb8 49. a6 Kc7 50. Kg2 Nd7 51. Ba5+ Kc8 52. Kf3 Nb8 53. Kxe3 Nxa6 54. Kd3 Nc7 55. Be1 Kb7 56. Kc2 Ne6 57. Bf2 Ka6 58. Kb3 Kb5 59. Be3 a5 60. Kc3 a4 61. Bc1 Nc7 62. Ba3 Ne8 63. Bc1 Nf6 64. Kd3 Ne4 65. Ba3 Nxg3 66. Bc1 Kb4 0-1

[Event "Tenerife-chT Preferente 1516"]
[Site "Tenerife"]
[Date "2016.01.16"]
[Round "4.3"]
[White "Rodriguez Paz, Jose Manuel"]
[Black "Alvarez Alonso, Alberto"]
[Result "0-1"]
[WhiteElo "1859"]
[BlackElo "1955"]
[PlyCount "80"]
[EventDate "2015.12.12"]
[EventType "team-tourn"]
[EventRounds "14"]
[EventCountry "ESP"]
[SourceTitle "CBM 170 Extra"]
[Source "ChessBase"]
[SourceDate "2016.02.25"]
[SourceVersion "1"]
[SourceVersionDate "2016.02.25"]
[SourceQuality "1"]
[WhiteTeam "Universidad"]
[BlackTeam "Cajacanarias"]
[WhiteTeamCountry "ESP"]
[BlackTeamCountry "ESP"]

1. e4 e6 2. d3 d5 3. Qe2 Be7 4. Nf3 Nf6 5. g3 0-0 6. e5 Nfd7 7. d4 c5 8. c3 Nc6 9. Bg2 f6 10. 0-0 fxe5 11. dxe5 Rb8 12. a4 a6 13. Na3 Na5 14. Bf4 Nb3 15. Rad1 c4 16. Nd2 Nxd2 17. Rxd2 Nc5 18. Nxc4 Qc7 19. Ne3 Nxa4 20. Qg4 b5 21. Bh6 Bc5 22. h4 Kh8 23. Bf4 Nb6 24. h5 a5 25. h6 g6 26. Nc2 Nc4 27. Re2 Nxb2 28. Ne1 Nd1 29. Rc2 Nxf2 30. Rfxf2 Bxf2+ 31. Rxf2 Qxc3 32. Nf3 b4 33. Qg5 Qc7 34. Nd4 b3 35. Rb2 a4 36. Kh2 Rb7 37. Bd2 Qc4 38. Qe3 Rbf7 39. Bf3 Qf1 40. Bg2 Rf2 0-1